书目信息 |
| 题名: |
中外语言文学与社会文化研究
|
|
| 作者: | 聂中华 主编 | |
| 分册: | 第三辑 | |
| 出版信息: | 广州 世界图书出版广东有限公司 2017 |
|
| 页数: | 204页 | |
| 开本: | 24cm | |
| 丛书名: | ||
| 单 册: | ||
| 中图分类: | H0 , H0-53 | |
| 科图分类: | ||
| 主题词: | 语言学--yu yan xue--研究--世界 , 世界文学--shi jie wen xue--文学研究--文集 , 文化研究--wen hua yan jiu--世界--文集 | |
| 电子资源: | ||
| ISBN: | 978-7-5192-3429-4 | |
| 000 | 01160nam0 22003011 450 | |
| 001 | 012001008779 | |
| 005 | 20191029090043.37 | |
| 010 | @a978-7-5192-3429-4@dCNY46.00 | |
| 092 | @afh-sk53-006 | |
| 099 | @aCAL 012017171903 | |
| 100 | @a20170906d2017 em y0chiy50 ea | |
| 101 | 0 | @achi |
| 102 | @aCN@b440000 | |
| 105 | @aa b 000yy | |
| 106 | @ar | |
| 200 | 1 | @a中外语言文学与社会文化研究@Azhong wai yu yan wen xue yu she hui wen hua yan jiu@h第三辑@f郭涛, 聂中华主编 |
| 210 | @a广州@c世界图书出版广东有限公司@d2017 | |
| 215 | @a204页@c图@d24cm | |
| 320 | @a有书目 | |
| 330 | @a本论文集是北方工业大学外国语言文学学科教师和研究生2016年研究成果, 主要研究内容包括: 《英语中动句研究》、《比较构式的汉日对比研究》《心理动词的结构》等等。就书总主题统领下的各篇论文内质外化而言, 作者以多维视野对中外语言文化进行当代意识的多元化诠释。 | |
| 606 | 0 | @a语言学@Ayu yan xue@x研究@y世界 |
| 606 | 0 | @a世界文学@Ashi jie wen xue@x文学研究@j文集 |
| 606 | 0 | @a文化研究@Awen hua yan jiu@y世界@j文集 |
| 690 | @aH0@v5 | |
| 690 | @aH0-53@v4 | |
| 701 | 0 | @a聂中华@Anie zhong hua@4主编 |
| 801 | 2 | @aCN@b上海新华@c20191020 |
| 905 | @b1185798-801@dH0@e289:3@f4 | |
| 中外语言文学与社会文化研究.第三辑/郭涛, 聂中华主编.-广州:世界图书出版广东有限公司,2017 |
| 204页:图;24cm |
| ISBN 978-7-5192-3429-4:CNY46.00 |
| 本论文集是北方工业大学外国语言文学学科教师和研究生2016年研究成果, 主要研究内容包括: 《英语中动句研究》、《比较构式的汉日对比研究》《心理动词的结构》等等。就书总主题统领下的各篇论文内质外化而言, 作者以多维视野对中外语言文化进行当代意识的多元化诠释。 |
| ● |
| 相关链接 |
|
|
|
|
正题名:中外语言文学与社会文化研究
索取号:H0/289:3
 
预约/预借
| 序号 | 登录号 | 条形码 | 馆藏地/架位号 | 状态 | 备注 |
| 1 | 1185798 | 211857980 | 第二样本阅览室/ [索取号:H0/289:3] | 在馆 | |
| 2 | 1185799 | 211857999 | 第四借阅区/ [索取号:H0/289:3] | 在馆 | |
| 3 | 1185800 | 211858006 | 第四借阅区/ [索取号:H0/289:3] | 在馆 | |
| 4 | 1185801 | 211858015 | 第四借阅区/ [索取号:H0/289:3] | 在馆 |